Social psychology / (Record no. 172002)
[ view plain ]
| 000 -LEADER | |
|---|---|
| fixed length control field | 00947nam a22002777a 4500 |
| 003 - CONTROL NUMBER IDENTIFIER | |
| control field | OSt |
| 005 - DATE AND TIME OF LATEST TRANSACTION | |
| control field | 20250616100520.0 |
| 008 - FIXED-LENGTH DATA ELEMENTS--GENERAL INFORMATION | |
| fixed length control field | 250616b |||||||| |||| 00| 0 eng d |
| 020 ## - INTERNATIONAL STANDARD BOOK NUMBER | |
| International Standard Book Number | 9781292438320 (paperback) |
| 024 ## - OTHER STANDARD IDENTIFIER | |
| Terms of availability | USD 77 |
| 040 ## - CATALOGING SOURCE | |
| Original cataloging agency | NUST |
| Language of cataloging | eng |
| Transcribing agency | NUST |
| Modifying agency | NUST |
| Description conventions | rda |
| 050 ## - LIBRARY OF CONGRESS CALL NUMBER | |
| Classification number | HM1033 BRA |
| 100 ## - MAIN ENTRY--PERSONAL NAME | |
| Personal name | Branscombe, Nyla R. |
| Relator term | Author |
| 245 ## - TITLE STATEMENT | |
| Title | Social psychology / |
| Statement of responsibility, etc. | Nyla R. Branscombe and Robert A. Baron. |
| 250 ## - EDITION STATEMENT | |
| Edition statement | Fifteenth global edition. |
| 260 ## - PUBLICATION, DISTRIBUTION, ETC. | |
| Place of publication, distribution, etc. | Harlow, England : |
| Name of publisher, distributor, etc. | Pearson, |
| Date of publication, distribution, etc. | ©2023. |
| 300 ## - PHYSICAL DESCRIPTION | |
| Extent | 517 pages : |
| Other physical details | Illustrations ; |
| Dimensions | 28 cm. |
| 336 ## - CONTENT TYPE | |
| Source | rdacontent |
| Content type term | text |
| Content type code | txt |
| 337 ## - MEDIA TYPE | |
| Source | rdamedia |
| Media type term | unmediated |
| Media type code | n |
| 338 ## - CARRIER TYPE | |
| Source | rdacarrier |
| Carrier type term | volume |
| Carrier type code | nc |
| 504 ## - BIBLIOGRAPHY, ETC. NOTE | |
| Bibliography, etc. note | Includes bibliographical references and index. |
| 650 ## - SUBJECT ADDED ENTRY--TOPICAL TERM | |
| Form subdivision | Sociology (General). |
| 650 ## - SUBJECT ADDED ENTRY--TOPICAL TERM | |
| Form subdivision | Social psychology. |
| 700 ## - ADDED ENTRY--PERSONAL NAME | |
| Personal name | Baron, Robert A. |
| Relator term | Author |
| 942 ## - ADDED ENTRY ELEMENTS (KOHA) | |
| Source of classification or shelving scheme | Library of Congress Classification |
| Koha item type | Ordinary Loan Books |
| Edition | Fifteenth global edition. |
| Classification part | HM1033 BRA |
| Call number prefix | HM |
| Call number suffix | BRA |
| Suppress in OPAC | No |
| Withdrawn status | Lost status | Source of classification or shelving scheme | Damaged status | Not for loan | Collection | Home library | Current library | Shelving location | Date acquired | Source of acquisition | Cost, normal purchase price | Total Checkouts | Full call number | Barcode | Date last seen | Accession number | Cost, replacement price | Price effective from | Koha item type | Public note |
|---|---|---|---|---|---|---|---|---|---|---|---|---|---|---|---|---|---|---|---|---|
| LCC | NFIC | MAIN | MAIN | GEN | 06/16/2025 | Book Aid International | 77.00 | HM1033 BRA | 92004056244 | 06/16/2025 | 62752 | 77.00 | 06/16/2025 | BOOKS | Donation | |||||
| LCC | NFIC | MAIN | MAIN | GEN | 06/16/2025 | Book Aid International | 77.00 | HM1033 BRA | 92004056939 | 06/16/2025 | 62754 | 77.00 | 06/16/2025 | BOOKS | Donation | |||||
| LCC | NFIC | MAIN | MAIN | GEN | 06/16/2025 | Book Aid International | 77.00 | HM1033 BRA | 92004056091 | 06/16/2025 | 62753 | 77.00 | 06/16/2025 | BOOKS | Donation |